[Event "25. Open Internacional de Parla 2010"]
[Site "Parla ESP"]
[Date "2010.09.09"]
[Round "6.50"]
[White "Lucas Garcia, Pedro"]
[Black "Sanchez Tapia, Luis"]
[Result "1-0"]
[WhiteElo "1898"]
[BlackElo "1638"]
[PlyCount "107"]
[EventDate "2010.09.04"]
[EventType "swiss"]
[EventRounds "9"]
[EventCountry "ESP"]
[Source "lmi"]
[SourceDate "2010.09.04"]

1. e4 c6 2. Nc3 d5 3. Nf3 dxe4 4. Nxe4 Bg4 5. h3 Bxf3 6. Qxf3 e6 7. Be2 Be7 8.
Qg3 g6 9. d3 f5 10. Qe5 Nf6 11. Ng5 Qd6 12. Qxe6 Qxe6 13. Nxe6 Kd7 14. Ng5 h6
15. Nf7 Rh7 16. Ne5+ Kc7 17. Nxg6 Bd6 18. O-O Nbd7 19. Nh4 Re8 20. Bf3 Ne5 21.
Bd2 Nxf3+ 22. Nxf3 Re2 23. Rfe1 Rxe1+ 24. Rxe1 Kd7 25. Nd4 f4 26. Ne6 Nh5 27.
Bc3 Rf7 28. Nd4 Bc5 29. Nf3 Re7 30. Ne5+ Kc8 31. Kf1 Bd6 32. Ng6 Rxe1+ 33. Kxe1
Kd7 34. Ne5+ Ke6 35. Ng4 Bf8 36. Ke2 Kf5 37. Kf3 b5 38. Be5 a6 39. Bc7 Bg7 40.
c3 b4 41. Ba5 bxc3 42. Bxc3 Bf8 43. Ne5 c5 44. Nd7 Bd6 45. Nb6 Bc7 46. Nc4 Bb8
47. Nd2 Nf6 48. Bxf6 Kxf6 49. Ne4+ Ke5 50. Nxc5 Kd4 51. Nxa6 Bd6 52. b4 Kd5 53.
Nc5 h5 54. a4 1-0

[Event "25. Open Internacional de Parla 2010"]
[Site "Parla ESP"]
[Date "2010.09.09"]
[Round "6.51"]
[White "Garcia-Osorio Prado, Miguel Angel"]
[Black "Alvarez Gonzalez, Eduardo"]
[Result "0-1"]
[WhiteElo "1675"]
[BlackElo "1873"]
[PlyCount "64"]
[EventDate "2010.09.04"]
[EventType "swiss"]
[EventRounds "9"]
[EventCountry "ESP"]
[Source "lmi"]
[SourceDate "2010.09.04"]

1. d4 Nf6 2. c4 e6 3. Nc3 Bb4 4. e3 b6 5. Nf3 Bb7 6. Bd3 O-O 7. O-O Bxc3 8.
bxc3 d6 9. Re1 Ne4 10. Bb2 Nd7 11. Nd2 Nxd2 12. Qxd2 f5 13. f3 e5 14. e4 f4 15.
d5 Qh4 16. Qf2 Qh5 17. Be2 Rf6 18. h3 Rg6 19. Kh2 Rg3 20. Rg1 Nf6 21. a4 Bc8
22. Bf1 a5 23. Bc1 g5 24. Rh1 g4 25. Qc2 gxf3 26. Ra2 Ng4+ 27. Kg1 f2+ 28. Qxf2
Nxf2 29. Kxf2 Rxc3 30. Be2 Qh4+ 31. Kg1 Rxc1+ 32. Bf1 Ba6 0-1

[Event "25. Open Internacional de Parla 2010"]
[Site "Parla ESP"]
[Date "2010.09.09"]
[Round "6.54"]
[White "Roldan Criado, Angel"]
[Black "Fernandez Gil, Ruben C"]
[Result "0-1"]
[WhiteElo "1462"]
[BlackElo "1719"]
[PlyCount "86"]
[EventDate "2010.09.04"]
[EventType "swiss"]
[EventRounds "9"]
[EventCountry "ESP"]
[Source "lmi"]
[SourceDate "2010.09.04"]

1. e4 e6 2. Nc3 d5 3. d3 Nf6 4. Bg5 Be7 5. Rb1 c5 6. Bxf6 Bxf6 7. exd5 exd5 8.
Qe2+ Be7 9. g3 O-O 10. Bg2 d4 11. Nd5 Re8 12. Qd1 Be6 13. Qf3 Bxd5 14. Qxd5
Qa5+ 15. Kf1 Nc6 16. Bf3 Rad8 17. Qb3 Ne5 18. Kg2 b5 19. a3 c4 20. Qa2 cxd3 21.
cxd3 Nxd3 22. Qb3 Ne1+ 23. Kf1 Nxf3 24. Nxf3 b4 25. axb4 Qxb4 26. Qd3 Bf6 27.
Kg2 Re7 28. Rhe1 Rde8 29. Rxe7 Rxe7 30. b3 Qc3 31. Rd1 Qxd3 32. Rxd3 Rd7 33.
Nd2 Kf8 34. Nc4 Ke7 35. Kf3 Rc7 36. h3 Rc6 37. Ke4 Ra6 38. Rd1 Ra2 39. Kf3 Rc2
40. Rd3 Rc3 41. Ke4 Ke6 42. Na3 Be5 43. Nc4 f5+ 0-1

[Event "25. Open Internacional de Parla 2010"]
[Site "Parla ESP"]
[Date "2010.09.09"]
[Round "6.59"]
[White "Rios Barba, Faustino"]
[Black "Martinez Martinez, Antonio"]
[Result "1-0"]
[WhiteElo "1591"]
[BlackElo "1695"]
[PlyCount "71"]
[EventDate "2010.09.04"]
[EventType "swiss"]
[EventRounds "9"]
[EventCountry "ESP"]
[Source "lmi"]
[SourceDate "2010.09.04"]

1. d4 g6 2. c4 d6 3. Nc3 c6 4. Bg5 Bg7 5. Nf3 Bg4 6. e3 Bxf3 7. Qxf3 h5 8. Bd3
Nd7 9. h3 h4 10. Qf4 Bf6 11. Ne4 Qa5+ 12. Ke2 d5 13. Nxf6+ Ngxf6 14. Bxh4 Qb4
15. b3 O-O-O 16. Bg3 e5 17. dxe5 Nh5 18. Qd4 Nxg3+ 19. fxg3 Qa5 20. Rab1 Rh5
21. cxd5 Nxe5 22. e4 cxd5 23. b4 Qa3 24. Rbc1+ Kb8 25. Rc3 Qa4 26. g4 Rg5 27.
h4 Rxg4 28. Qxe5+ Ka8 29. g3 Re8 30. Qxd5 Qxb4 31. Rhc1 Kb8 32. Rc4 Qb2+ 33.
R1c2 Qf6 34. Qd7 Rexe4+ 35. Bxe4 Rxe4+ 36. Rxe4 1-0

[Event "25. Open Internacional de Parla 2010"]
[Site "Parla ESP"]
[Date "2010.09.10"]
[Round "7.1"]
[White "Strikovic, Aleksa"]
[Black "Corrales Jimenez, Fidel"]
[Result "1/2-1/2"]
[WhiteElo "2560"]
[BlackElo "2599"]
[PlyCount "22"]
[EventDate "2010.09.04"]
[EventType "swiss"]
[EventRounds "9"]
[EventCountry "ESP"]
[Source "lmi"]
[SourceDate "2010.09.04"]

1. e4 c5 2. c3 Nf6 3. e5 Nd5 4. d4 cxd4 5. Qxd4 e6 6. Bc4 Nc6 7. Qe4 d6 8. Nf3
dxe5 9. Nxe5 Nxe5 10. Qxe5 Qd6 11. Qxd6 Bxd6 1/2-1/2

[Event "25. Open Internacional de Parla 2010"]
[Site "Parla ESP"]
[Date "2010.09.10"]
[Round "7.2"]
[White "Abreu Delgado, Aryam"]
[Black "Taboas Rodriguez, Daniel"]
[Result "1/2-1/2"]
[WhiteElo "2473"]
[BlackElo "2381"]
[PlyCount "131"]
[EventDate "2010.09.04"]
[EventType "swiss"]
[EventRounds "9"]
[EventCountry "ESP"]
[Source "lmi"]
[SourceDate "2010.09.04"]

1. e4 e6 2. d4 d5 3. Nc3 Nf6 4. e5 Nfd7 5. f4 c5 6. Nf3 Nc6 7. Be3 a6 8. Qd2 b5
9. dxc5 Bxc5 10. Ne2 O-O 11. Ned4 Nxd4 12. Bxd4 f6 13. exf6 Bxd4 14. Qxd4 Qxf6
15. Qxf6 Rxf6 16. g3 Bb7 17. Bg2 e5 18. fxe5 Nxe5 19. Nxe5 Re8 20. O-O-O Rxe5
21. Rd2 Kf7 22. a3 Ke6 23. b3 Kd6 24. Kb2 Kc5 25. b4+ Kd6 26. Rf1 Rxf1 27. Bxf1
Bc8 28. c4 bxc4 29. Bxc4 Bb7 30. Bd3 Rh5 31. Kc3 a5 32. bxa5 Kc5 33. Kb3 Rh6
34. Rc2+ Kd4 35. Bb5 Ke3 36. Rc7 Ba6 37. Kb4 d4 38. Re7+ Kd2 39. Bxa6 Rxa6 40.
Kb5 Rd6 41. a6 d3 42. a7 Rd8 43. Kc6 Kc1 44. Rd7 Rxd7 45. Kxd7 d2 46. a8=Q
d1=Q+ 47. Kc7 Kb2 48. Qc6 Qe2 49. a4 Qxh2 50. a5 Qxg3+ 51. Kb7 Ka1 52. a6 Qb3+
53. Kc7 Qf7+ 54. Kb6 Qb3+ 55. Ka5 Qe3 56. Qd7 Qc5+ 57. Qb5 Qc7+ 58. Qb6 Qc3+
59. Kb5 Qb3+ 60. Kc6 Qe6+ 61. Kb7 Qd7+ 62. Qc7 Qb5+ 63. Ka7 g5 64. Qd6 g4 65.
Qd1+ Ka2 66. Qxg4 1/2-1/2

[Event "25. Open Internacional de Parla 2010"]
[Site "Parla ESP"]
[Date "2010.09.10"]
[Round "7.3"]
[White "Del Rio de Angelis, Salvador G"]
[Black "Vazquez Igarza, Renier"]
[Result "1/2-1/2"]
[WhiteElo "2515"]
[BlackElo "2535"]
[PlyCount "45"]
[EventDate "2010.09.04"]
[EventType "swiss"]
[EventRounds "9"]
[EventCountry "ESP"]
[Source "lmi"]
[SourceDate "2010.09.04"]

1. d4 Nf6 2. c4 e6 3. Nc3 Bb4 4. e3 O-O 5. Bd3 d5 6. Nf3 c5 7. O-O Nc6 8. a3
Bxc3 9. bxc3 Qc7 10. Bb2 Na5 11. cxd5 exd5 12. Ne5 c4 13. Bc2 Ne4 14. f3 Nd6
15. a4 f6 16. Ba3 Re8 17. Ng4 Nb3 18. Ra2 Bxg4 19. fxg4 Nf7 20. Qf3 Qc6 21. h4
Qe6 22. Re1 Nd6 23. Bxd6 1/2-1/2

[Event "25. Open Internacional de Parla 2010"]
[Site "Parla ESP"]
[Date "2010.09.10"]
[Round "7.4"]
[White "Elissalt Cardenas, Hector"]
[Black "Gomez Garrido, Camilo"]
[Result "1/2-1/2"]
[WhiteElo "2357"]
[BlackElo "2514"]
[PlyCount "32"]
[EventDate "2010.09.04"]
[EventType "swiss"]
[EventRounds "9"]
[EventCountry "ESP"]
[Source "lmi"]
[SourceDate "2010.09.04"]

1. d4 d5 2. c4 c6 3. Nf3 Nf6 4. Nc3 a6 5. e3 b5 6. cxd5 cxd5 7. Ne2 e6 8. Nf4
Bd6 9. Bd2 Ne4 10. Nd3 Nd7 11. a4 Nxd2 12. Nxd2 b4 13. a5 O-O 14. f4 Nf6 15.
Be2 Bd7 16. Ne5 Qb8 1/2-1/2

[Event "25. Open Internacional de Parla 2010"]
[Site "Parla ESP"]
[Date "2010.09.10"]
[Round "7.5"]
[White "Sanchez Gonzalez, Sergio"]
[Black "Gongora Reyes, Maikel"]
[Result "1/2-1/2"]
[WhiteElo "2288"]
[BlackElo "2468"]
[PlyCount "138"]
[EventDate "2010.09.04"]
[EventType "swiss"]
[EventRounds "9"]
[EventCountry "ESP"]
[Source "lmi"]
[SourceDate "2010.09.04"]

1. c4 e5 2. Nc3 Nf6 3. g3 Bb4 4. Bg2 O-O 5. d3 c6 6. Qb3 Ba5 7. Nf3 Re8 8. O-O
h6 9. Ne4 d6 10. Nxf6+ Qxf6 11. Bd2 Bxd2 12. Nxd2 Qe7 13. Qc3 Bg4 14. Rfe1 Nd7
15. b4 Nf6 16. a4 d5 17. b5 d4 18. Qa3 c5 19. a5 Rac8 20. e3 Qc7 21. Qb3 b6 22.
axb6 axb6 23. Qa3 Bf5 24. e4 Bd7 25. Qb2 Rb8 26. Ra6 Bc8 27. Ra3 g5 28. Rea1
Bb7 29. Ra7 Qc8 30. h3 Kh8 31. Nf1 Rg8 32. g4 h5 33. f3 h4 34. Nd2 Nd7 35. Bf1
Qd8 36. Nb3 Qf6 37. Bg2 Nf8 38. Qd2 Ne6 39. Nc1 Qf4 40. Qxf4 Nxf4 41. Kf2 Kg7
42. Bf1 Kf6 43. Ke1 Ke6 44. Kd2 Kd6 45. R1a2 Kc7 46. Ra1 Rg6 47. Ke1 Rf6 48.
Kf2 Rd8 49. R1a3 Ng6 50. Kg2 Ne7 51. Ra2 Nc8 52. R7a3 Nd6 53. Be2 Rg6 54. Ra7
Rgg8 55. R7a3 Ra8 56. Rxa8 Bxa8 57. Kf2 Bb7 58. Nb3 Bc8 59. Ra7+ Kb8 60. Ra3
Re8 61. Nc1 Re7 62. Ra2 Rc7 63. Ke1 f6 64. Kd2 Bd7 65. Ra6 Nc8 66. Bf1 Ra7 67.
Rxa7 Nxa7 68. Be2 Kc7 69. Bd1 Kd6 1/2-1/2

[Event "25. Open Internacional de Parla 2010"]
[Site "Parla ESP"]
[Date "2010.09.10"]
[Round "7.6"]
[White "Castaño Vanegas, Henry Augusto"]
[Black "Roa Alonso, Santiago"]
[Result "1/2-1/2"]
[WhiteElo "2205"]
[BlackElo "2454"]
[PlyCount "47"]
[EventDate "2010.09.04"]
[EventType "swiss"]
[EventRounds "9"]
[EventCountry "ESP"]
[Source "lmi"]
[SourceDate "2010.09.04"]

1. e4 e5 2. Nf3 Nc6 3. Bb5 a6 4. Ba4 Nf6 5. O-O Be7 6. Re1 b5 7. Bb3 d6 8. c3
O-O 9. h3 Nb8 10. d4 Nbd7 11. Nbd2 Bb7 12. Bc2 Re8 13. a4 Bf8 14. Bd3 c6 15. b4
Nb6 16. axb5 axb5 17. Rxa8 Bxa8 18. Nb3 Nbd7 19. Qc2 g6 20. Bd2 Qb8 21. dxe5
dxe5 22. c4 c5 23. cxb5 cxb4 24. Qb1 1/2-1/2

[Event "25. Open Internacional de Parla 2010"]
[Site "Parla ESP"]
[Date "2010.09.10"]
[Round "7.7"]
[White "Barria Zuñiga, Daniel"]
[Black "Longa Yauca, Javier"]
[Result "1-0"]
[WhiteElo "2419"]
[BlackElo "2313"]
[PlyCount "99"]
[EventDate "2010.09.04"]
[EventType "swiss"]
[EventRounds "9"]
[EventCountry "ESP"]
[Source "lmi"]
[SourceDate "2010.09.04"]

1. d4 d5 2. c4 c6 3. Nf3 e6 4. Nc3 a6 5. e4 dxc4 6. Bxc4 b5 7. Bb3 c5 8. O-O
cxd4 9. Nxd4 Bb7 10. Bf4 Qf6 11. Bg3 Nd7 12. Re1 Bc5 13. e5 Qe7 14. Nf5 Qg5 15.
Nd6+ Bxd6 16. Qxd6 Qe7 17. Qd2 Nh6 18. Bf4 Nc5 19. Bg5 Qd7 20. Qxd7+ Nxd7 21.
Rad1 Nf5 22. f3 h6 23. Bc1 O-O-O 24. Bc2 Nb6 25. Kf2 Nd4 26. Be4 Nc6 27. f4 b4
28. Ne2 Rxd1 29. Rxd1 Rd8 30. Rxd8+ Nxd8 31. Bc2 Bd5 32. b3 Nc6 33. Be3 Nd7 34.
Nd4 Nxd4 35. Bxd4 h5 36. g3 g6 37. h3 Kc7 38. g4 h4 39. Kf1 a5 40. Bf2 Kc6 41.
Bxh4 a4 42. Be7 Nc5 43. Kf2 Nxb3 44. axb3 axb3 45. Bb1 Kb5 46. h4 Kc4 47. h5
gxh5 48. gxh5 b2 49. h6 Kd4 50. Bxb4 1-0

[Event "25. Open Internacional de Parla 2010"]
[Site "Parla ESP"]
[Date "2010.09.10"]
[Round "7.8"]
[White "Hernando Pertierra, Jose Carlos"]
[Black "Ballesteros Gonzalez, David"]
[Result "1-0"]
[WhiteElo "2386"]
[BlackElo "2196"]
[PlyCount "75"]
[EventDate "2010.09.04"]
[EventType "swiss"]
[EventRounds "9"]
[EventCountry "ESP"]
[Source "lmi"]
[SourceDate "2010.09.04"]

1. Nf3 Nf6 2. c4 g6 3. b3 Bg7 4. Bb2 c5 5. g3 b6 6. Bg2 Bb7 7. O-O O-O 8. Nc3
d6 9. d3 Nbd7 10. e4 a6 11. Ne1 Rb8 12. Nc2 e6 13. f4 Qc7 14. Ne3 Bc6 15. Rc1
b5 16. Qd2 Nb6 17. Ba1 Qb7 18. Rb1 b4 19. Ne2 d5 20. cxd5 exd5 21. e5 Nfd7 22.
d4 a5 23. f5 cxd4 24. Ng4 h5 25. f6 Bh8 26. Nh6+ Kh7 27. Bxd4 Rbe8 28. Nf5 Nc8
29. Qh6+ Kg8 30. Qf4 Nxf6 31. exf6 Rxe2 32. Bf3 Re6 33. Bxh5 Bb5 34. Bxg6 fxg6
35. f7+ Rxf7 36. Nh6+ Kh7 37. Nxf7 Bxd4+ 38. Qxd4 1-0

[Event "25. Open Internacional de Parla 2010"]
[Site "Parla ESP"]
[Date "2010.09.10"]
[Round "7.9"]
[White "Rubio Mejia, Luis Ignacio"]
[Black "Cerrato Torrijos, Maria"]
[Result "1-0"]
[WhiteElo "2373"]
[BlackElo "2055"]
[PlyCount "63"]
[EventDate "2010.09.04"]
[EventType "swiss"]
[EventRounds "9"]
[EventCountry "ESP"]
[Source "lmi"]
[SourceDate "2010.09.04"]

1. d4 Nf6 2. c4 e6 3. Nc3 Bb4 4. Bg5 c5 5. d5 h6 6. Bh4 Bxc3+ 7. bxc3 d6 8. e3
Qe7 9. Nf3 Nbd7 10. Be2 O-O 11. Qc2 b6 12. O-O g5 13. Bg3 Nh5 14. dxe6 Nxg3 15.
exf7+ Qxf7 16. hxg3 g4 17. Nh4 Ne5 18. Rad1 Qf6 19. f4 Nf7 20. Qg6+ Qxg6 21.
Nxg6 Re8 22. Kf2 Kg7 23. Nh4 Kf6 24. Rd2 Rb8 25. Bd3 Be6 26. Rfd1 Re7 27. Bg6
Bxc4 28. Bxf7 Rxf7 29. Rxd6+ Kg7 30. a3 Re8 31. Rg6+ Kh8 32. Rdd6 1-0

[Event "25. Open Internacional de Parla 2010"]
[Site "Parla ESP"]
[Date "2010.09.10"]
[Round "7.10"]
[White "Suarez Uriel, Adrian"]
[Black "Perez Gonzalez, Jose Manuel"]
[Result "1/2-1/2"]
[WhiteElo "2180"]
[BlackElo "2318"]
[PlyCount "195"]
[EventDate "2010.09.04"]
[EventType "swiss"]
[EventRounds "9"]
[EventCountry "ESP"]
[Source "lmi"]
[SourceDate "2010.09.04"]

1. e4 c5 2. Ne2 Nc6 3. Nbc3 d6 4. d4 cxd4 5. Nxd4 Nf6 6. Bc4 e6 7. Be3 Be7 8.
Qe2 O-O 9. O-O-O d5 10. Bb3 Na5 11. exd5 exd5 12. Kb1 a6 13. Nxd5 Nxd5 14. Nf5
Bxf5 15. Rxd5 Qc8 16. Rxa5 b5 17. Bd5 Bb4 18. Bxa8 Qxa8 19. Bd2 Bxa5 20. Bxa5
Qxg2 21. Re1 h6 22. f4 Qxe2 23. Rxe2 Rc8 24. Bc3 Rc4 25. Rg2 Rxf4 26. Rxg7+ Kf8
27. Rg1 Rf2 28. Bg7+ Ke8 29. Bxh6 Rxc2 30. Ka1 Rxh2 31. Bg5 Be4 32. Bf6 Kd7 33.
Be5 Rf2 34. b3 a5 35. Bc3 a4 36. bxa4 bxa4 37. Rd1+ Ke6 38. Rd4 Bc6 39. Bb4 Bd5
40. Rd2 Rf1+ 41. Kb2 f5 42. Ka3 f4 43. Kxa4 f3 44. Bc5 Rb1 45. Ka3 Rb8 46. Rb2
Ra8+ 47. Kb4 Bxa2 48. Kc3 Bd5 49. Kd3 Ra4 50. Bf2 Bc4+ 51. Ke3 Ra3+ 52. Kf4 Be2
53. Rb4 Ra8 54. Ke3 Rh8 55. Rf4 Rh1 56. Rxf3 Bxf3 57. Kxf3 Kf5 58. Kg2 Ra1 59.
Bg1 Kg4 60. Kh1 Kf3 61. Kh2 Ra2+ 62. Kh1 Kg3 63. Bc5 Rh2+ 64. Kg1 Rc2 65. Bd6+
Kf3 66. Kh1 Kf2 67. Be5 Rd2 68. Bc7 Rb2 69. Bd6 Rb5 70. Bc7 Rb1+ 71. Kh2 Rb7
72. Bg3+ Kf3 73. Bd6 Rd7 74. Be5 Re7 75. Bd6 Rg7 76. Be5 Rg4 77. Bd6 Rg2+ 78.
Kh1 Rg6 79. Be5 Ke3 80. Bc7 Kf2 81. Be5 Rg1+ 82. Kh2 Rg5 83. Bd4+ Kf3 84. Bb6
Rb5 85. Bd4 Rh5+ 86. Kg1 Rd5 87. Bb6 Rd6 88. Bc5 Rc6 89. Bd4 Re6 90. Bc5 Rg6+
91. Kh2 Rg2+ 92. Kh1 Rc2 93. Bd4 Rd2 94. Bb6 Rd5 95. Kg1 Rb5 96. Bd4 Kg3 97.
Bf2+ Kf3 98. Bd4 1/2-1/2

[Event "25. Open Internacional de Parla 2010"]
[Site "Parla ESP"]
[Date "2010.09.10"]
[Round "7.11"]
[White "Rodriguez Lopez, Rafael"]
[Black "Ramos Aldoradin, John Paul"]
[Result "0-1"]
[WhiteElo "2314"]
[BlackElo "2126"]
[PlyCount "66"]
[EventDate "2010.09.04"]
[EventType "swiss"]
[EventRounds "9"]
[EventCountry "ESP"]
[Source "lmi"]
[SourceDate "2010.09.04"]

1. e4 e6 2. d4 d5 3. Nc3 Nf6 4. e5 Nfd7 5. f4 c5 6. Nf3 Nc6 7. Be3 cxd4 8. Nxd4
Bc5 9. Qd2 O-O 10. O-O-O a6 11. Nb3 Be7 12. Bd3 b5 13. Kb1 Nb6 14. Qf2 Nc4 15.
Bc5 Qc7 16. Bxe7 Qxe7 17. Rhe1 Rb8 18. Qg3 Rd8 19. Qh3 g6 20. g4 a5 21. a3 a4
22. Nd2 Nxd2+ 23. Rxd2 b4 24. Nb5 bxa3 25. f5 Ba6 26. f6 Qf8 27. Nd6 Rxb2+ 28.
Ka1 Bxd3 29. Rxd3 Nxe5 30. Rxe5 Rxd6 31. Rh5 Rdb6 32. Rb3 R6xb3 33. cxb3 Qc5
0-1

[Event "25. Open Internacional de Parla 2010"]
[Site "Parla ESP"]
[Date "2010.09.10"]
[Round "7.12"]
[White "Ortega Ruiz, Jose Miguel"]
[Black "Montañes Arribas, Adrian"]
[Result "0-1"]
[WhiteElo "2278"]
[BlackElo "2114"]
[PlyCount "52"]
[EventDate "2010.09.04"]
[EventType "swiss"]
[EventRounds "9"]
[EventCountry "ESP"]
[Source "lmi"]
[SourceDate "2010.09.04"]

1. e4 c5 2. Nf3 d6 3. d4 cxd4 4. Nxd4 Nf6 5. Nc3 a6 6. Be2 e5 7. Nb3 Be7 8. a4
O-O 9. Bg5 Be6 10. Bxf6 Bxf6 11. Nd5 Bxd5 12. Qxd5 Qc7 13. c3 Nd7 14. O-O Be7
15. Nd2 Nf6 16. Qb3 Qc6 17. Bc4 Rab8 18. Rfe1 b5 19. axb5 axb5 20. Bf1 Qb6 21.
h3 b4 22. Nc4 Qc5 23. Ra5 Qc7 24. cxb4 d5 25. exd5 Bxb4 26. d6 Qd8 0-1

[Event "25. Open Internacional de Parla 2010"]
[Site "Parla ESP"]
[Date "2010.09.10"]
[Round "7.13"]
[White "Madina Yadarola, Martin"]
[Black "Villar Perez, Samuel"]
[Result "1-0"]
[WhiteElo "2254"]
[BlackElo "2087"]
[PlyCount "97"]
[EventDate "2010.09.04"]
[EventType "swiss"]
[EventRounds "9"]
[EventCountry "ESP"]
[Source "lmi"]
[SourceDate "2010.09.04"]

1. Nf3 Nf6 2. c4 c5 3. g3 Nc6 4. Bg2 d5 5. O-O e5 6. cxd5 Nxd5 7. Nc3 Nc7 8. d3
Be7 9. Nd2 Nd4 10. Nc4 f6 11. f4 exf4 12. gxf4 O-O 13. a4 Rb8 14. e3 Nf5 15.
Nb5 Be6 16. Ra3 a6 17. Nxc7 Qxc7 18. a5 Rbd8 19. Qf3 Rd7 20. Nb6 Rdd8 21. Rc3
Rb8 22. b4 c4 23. Nd5 Qd8 24. Rxc4 Nh4 25. Qe4 Bxd5 26. Qxd5+ Kh8 27. Bh1 Qxd5
28. Bxd5 Rfd8 29. e4 Nf5 30. Bd2 Bf8 31. Rfc1 Ne7 32. Rc5 Nc6 33. R5c4 Ne7 34.
Be6 Rxd3 35. Be1 Rd6 36. f5 Rc6 37. Bg3 Rd8 38. Kg2 Rd2+ 39. Kf3 Rd8 40. Ke2 g6
41. Bc7 Ra8 42. Bd7 Rxc4 43. Rxc4 gxf5 44. exf5 Nd5 45. Bg3 Rd8 46. Be6 Nxb4
47. Bh4 Kg7 48. Rg4+ Kh6 49. Bxf6 1-0

[Event "25. Open Internacional de Parla 2010"]
[Site "Parla ESP"]
[Date "2010.09.10"]
[Round "7.14"]
[White "Cortes Jurado, Rafael"]
[Black "Ramirez Garcia, Jorge Alberto"]
[Result "0-1"]
[WhiteElo "2083"]
[BlackElo "2246"]
[PlyCount "76"]
[EventDate "2010.09.04"]
[EventType "swiss"]
[EventRounds "9"]
[EventCountry "ESP"]
[Source "lmi"]
[SourceDate "2010.09.04"]

1. d4 d5 2. c4 e6 3. Nc3 c6 4. Nf3 Nf6 5. Bg5 h6 6. Bh4 dxc4 7. a4 Bb4 8. e3 b5
9. Ne5 Bb7 10. Be2 Nbd7 11. Nxd7 Qxd7 12. O-O a6 13. Qc2 Nd5 14. Bg3 O-O 15. e4
Nxc3 16. bxc3 Be7 17. e5 c5 18. Rfd1 cxd4 19. Rxd4 Qc6 20. Bf3 Qc7 21. Bh5 Rad8
22. Rad1 Bc5 23. Rf4 Kh8 24. Rxd8 Qxd8 25. Rxf7 Rxf7 26. Bxf7 Qd5 27. Kf1 Qxg2+
28. Ke1 Qh1+ 29. Kd2 Qd5+ 30. Ke1 b4 31. Bh5 bxc3 32. Qxc3 a5 33. Kf1 Qh1+ 34.
Ke2 Qe4+ 35. Kf1 Qb1+ 36. Ke2 Bb4 37. Qxc4 Qe1+ 38. Kd3 Qd2# 0-1

[Event "25. Open Internacional de Parla 2010"]
[Site "Parla ESP"]
[Date "2010.09.10"]
[Round "7.15"]
[White "Castejon Caballero, Andres"]
[Black "Bote Alvarez-Carrasco, Valentin"]
[Result "1/2-1/2"]
[WhiteElo "2077"]
[BlackElo "2190"]
[PlyCount "72"]
[EventDate "2010.09.04"]
[EventType "swiss"]
[EventRounds "9"]
[EventCountry "ESP"]
[Source "lmi"]
[SourceDate "2010.09.04"]

1. e4 e5 2. Bc4 Nf6 3. Qe2 Nc6 4. c3 d6 5. d3 Bg4 6. f3 Be6 7. Bxe6 fxe6 8. Nh3
Qd7 9. b4 Ne7 10. O-O Ng6 11. a3 a5 12. Bb2 axb4 13. cxb4 Be7 14. Nc3 O-O 15.
Rad1 Nf4 16. Nxf4 exf4 17. d4 d5 18. exd5 Nxd5 19. Nxd5 exd5 20. Rfe1 Bd6 21.
Qe6+ Qxe6 22. Rxe6 Rfe8 23. Rde1 Kf7 24. Rxe8 Rxe8 25. Kf2 Rxe1 26. Kxe1 b5 27.
Kf2 Ke6 28. Ke2 Be7 29. Bc3 h5 30. Kf1 Kf5 31. Ke2 g5 32. Be1 Bf6 33. Kd3 c6
34. Kc3 g4 35. Kd3 Bg5 36. Kc3 Bf6 1/2-1/2

[Event "25. Open Internacional de Parla 2010"]
[Site "Parla ESP"]
[Date "2010.09.10"]
[Round "7.16"]
[White "Garcia Salamero, Gabriel"]
[Black "Moreno Ibañez, Miguel"]
[Result "1/2-1/2"]
[WhiteElo "2180"]
[BlackElo "2057"]
[PlyCount "80"]
[EventDate "2010.09.04"]
[EventType "swiss"]
[EventRounds "9"]
[EventCountry "ESP"]
[Source "lmi"]
[SourceDate "2010.09.04"]

1. e4 c5 2. Nf3 e6 3. d4 cxd4 4. Nxd4 Nf6 5. Nc3 d6 6. g3 Nc6 7. Nde2 Be7 8.
Bg2 O-O 9. O-O a6 10. a4 Qc7 11. h3 Rb8 12. Be3 Nd7 13. Qd2 Re8 14. f4 Bf8 15.
Rad1 b6 16. g4 Nc5 17. f5 Ne5 18. b3 b5 19. axb5 axb5 20. Ng3 b4 21. Nce2 Ncd7
22. Nh5 Ba6 23. Rf2 Bxe2 24. Rxe2 Qc3 25. fxe6 fxe6 26. Qxc3 bxc3 27. Bd4 Rbc8
28. Re3 g6 29. Ng3 Bg7 30. Ne2 Rc6 31. Rxc3 Rec8 32. Rxc6 Rxc6 33. c4 Nc5 34.
Rb1 Rb6 35. Ra1 Rxb3 36. Ra8+ Bf8 37. Nf4 Kf7 38. Bxc5 dxc5 39. Nxe6 Kxe6 40.
Rxf8 Nxc4 1/2-1/2

[Event "25. Open Internacional de Parla 2010"]
[Site "Parla ESP"]
[Date "2010.09.10"]
[Round "7.17"]
[White "Nieto de la Cruz, Julio"]
[Black "Aziz Ortego, Omar Luis"]
[Result "1-0"]
[WhiteElo "2147"]
[BlackElo "2080"]
[PlyCount "105"]
[EventDate "2010.09.04"]
[EventType "swiss"]
[EventRounds "9"]
[EventCountry "ESP"]
[Source "lmi"]
[SourceDate "2010.09.04"]

1. d4 e6 2. c4 Nf6 3. Nc3 d5 4. Bg5 Be7 5. cxd5 exd5 6. e3 O-O 7. Bd3 Nbd7 8.
Qc2 Re8 9. Nge2 Nf8 10. O-O c6 11. f3 h6 12. Bh4 Be6 13. Rad1 Nh5 14. Bf2 Bh4
15. g3 Be7 16. Kh1 g6 17. Rg1 Ng7 18. g4 Qd7 19. Rg2 Rad8 20. Rdg1 g5 21. Ng3
f6 22. h4 Bd6 23. Nce2 Bxg4 24. fxg4 Qxg4 25. Nf1 Qh3+ 26. Nh2 Bxh2 27. Rxh2
Qf3+ 28. Rgg2 Rxe3 29. Bxe3 Qxe3 30. hxg5 hxg5 31. Rg3 Qe7 32. Rgh3 Kf7 33. Rh6
Qe3 34. R6h3 Qe7 35. Rh6 Qe3 36. Bg6+ Ke7 37. R6h3 Qe6 38. Bd3 Kd7 39. Qa4 a6
40. Ng1 g4 41. Rh8 Nf5 42. Qb4 Nd6 43. Re2 Qf7 44. Qb6 f5 45. Rc2 Qf6 46. Rh5
Rc8 47. Rch2 Rc7 48. Ne2 f4 49. Rh6 Qe7 50. Qc5 Ne6 51. Qc2 f3 52. Bf5 fxe2 53.
Rxe2 1-0

[Event "25. Open Internacional de Parla 2010"]
[Site "Parla ESP"]
[Date "2010.09.10"]
[Round "7.18"]
[White "Lopez Heras, Arturo"]
[Black "Prieto Martin, Alfonso"]
[Result "0-1"]
[WhiteElo "2013"]
[BlackElo "2170"]
[PlyCount "80"]
[EventDate "2010.09.04"]
[EventType "swiss"]
[EventRounds "9"]
[EventCountry "ESP"]
[Source "lmi"]
[SourceDate "2010.09.04"]

1. e4 Nf6 2. e5 Nd5 3. d4 d6 4. Nf3 dxe5 5. dxe5 Bg4 6. h3 Bxf3 7. Qxf3 e6 8.
Be2 Nd7 9. Qg3 c6 10. O-O Qc7 11. f4 O-O-O 12. a3 Bc5+ 13. Kh1 Ne7 14. Bd3 g6
15. b4 Bb6 16. c4 Bd4 17. Ra2 c5 18. Nd2 Nf5 19. Bxf5 exf5 20. Nb3 Nf8 21. Nxd4
Rxd4 22. Be3 Rd3 23. Qf2 Ne6 24. bxc5 Rhd8 25. a4 Qc6 26. a5 a6 27. Rb2 Qe4 28.
Re1 Rd1 29. Rxd1 Rxd1+ 30. Kh2 g5 31. c6 Qxc6 32. fxg5 Qe4 33. Ba7 Qxe5+ 34. g3
f4 35. gxf4 Qe4 36. Kg3 Rd3+ 37. Kg4 h5+ 38. Kh4 Rf3 39. Qg2 Qxf4+ 40. Kxh5
Rxh3+ 0-1

[Event "25. Open Internacional de Parla 2010"]
[Site "Parla ESP"]
[Date "2010.09.10"]
[Round "7.19"]
[White "Vargas Huamani, Juan Carlos"]
[Black "Gonzalez Tedin, Antonio"]
[Result "1/2-1/2"]
[WhiteElo "2013"]
[BlackElo "2156"]
[PlyCount "44"]
[EventDate "2010.09.04"]
[EventType "swiss"]
[EventRounds "9"]
[EventCountry "ESP"]
[Source "lmi"]
[SourceDate "2010.09.04"]

1. e4 c5 2. Nf3 e6 3. d4 cxd4 4. Nxd4 Nf6 5. Nc3 Nc6 6. Ndb5 Bb4 7. a3 Bxc3+ 8.
Nxc3 d5 9. exd5 exd5 10. Bd3 O-O 11. O-O h6 12. Bf4 d4 13. Ne2 Bg4 14. Qd2 Nd5
15. Bg3 Qf6 16. Nf4 Nde7 17. h3 Bf5 18. Rfe1 Rad8 19. Nh5 Qg6 20. Nf4 Qf6 21.
Nh5 Qg6 22. Nf4 Qf6 1/2-1/2